000 004510000a22001930004500
003 LK-CoMWRAF
005 20230929235142.0
008 230817t ||||| |||| 00| 0 eng d
020 _a0911119035
040 _aLK-CoMWRAF
_dLK-CoMWRAF
_eLK-CoMWRAF
041 _aeng
082 _a297
_bAYO
100 _aAyoub, Mahmoud M.
245 _aThe Great tiding
260 _bThe Islamic call ,
_c1983
300 _a176p
650 _aIslam
942 _cBK
999 _c2066
_d2066